000 00990cam a2200277 a 4500
001 14796607
005 20180201034222.0
008 070404s2008 njua b 001 0 eng
010 _a 2007014194
020 _a9780132393959
020 _a0132393956
035 _a(OCoLC)ocn122974024
035 _a(OCoLC)122974024
_z(OCoLC)144223559
040 _aDLC
_cDLC
_dBAKER
_dC#P
_dBTCTA
_dYDXCP
_dDLC
041 _aeng
080 _a371.33 JON
082 0 0 _a371.33 JON
_222
100 _a14
101 _aJUR
245 0 0 _aMeaningful learning with technology /
_cDavid Jonassen ... [et al.].
504 _aIncludes bibliographical references and index.
906 _a7
_bcbc
_corignew
_d1
_eecip
_f20
_gy-gencatlg
942 _2ddc
_cBK
999 _c41459
_d41459